| 000 | 00904cam a2200301 a 4500 | ||
|---|---|---|---|
| 001 | 11052 | ||
| 003 | BD-RjUL | ||
| 005 | 20211208235049.0 | ||
| 008 | 140126s1987 flua b 001 0 eng | ||
| 020 | _a0849343321 (set) | ||
| 020 | _a08494333X V-1 | ||
| 035 | _a(BD-RjUL)11101 | ||
| 040 |
_aDLC _cDLC _dDLC _dBD-RjUL _beng |
||
| 041 | _aeng | ||
| 082 | 0 | 0 |
_219 _bCEL |
| 245 | 0 | 0 |
_aCellular chemiluminescence / _ceditors, Knox Van Dyke, Vincent Castranova. _nVolume III |
| 260 |
_aBoca Raton, Fla. : _bCRC Press, _cc1987. |
||
| 300 |
_a3 v. : _bill. ; _c27 cm. |
||
| 504 | _aIncludes bibliographies and indexes. | ||
| 650 | 0 |
_aBioluminescence. _934157 |
|
| 650 | 0 |
_aChemiluminescence. _934158 |
|
| 650 | 0 |
_aCell physiology. _927640 |
|
| 700 | 1 |
_aVan Dyke, Knox, _d1939- _9225723 |
|
| 700 | 1 |
_aCastranova, Vincent. _934160 |
|
| 942 |
_2ddc _cBK |
||
| 999 |
_c11052 _d11052 |
||